Countries Starting With Vowels Quiz Stats

 Plays Quiz Updated Oct 11, 2018

Score 0/35 Timer 06:00
38 Plays Today
% Correct
Oman
89.8%
Australia
88.7%
India
88.5%
United States
86.3%
United Kingdom
86.2%
Uruguay
83.3%
Austria
82.9%
Argentina
82.4%
Indonesia
81.8%
Ethiopia
81.6%
Ireland
81.6%
Iran
81.4%
Iraq
81.3%
Iceland
80.2%
Uzbekistan
77.8%
Albania
76.9%
Egypt
76.8%
Uganda
76.8%
% Correct
Estonia
75.8%
Italy
75.4%
Ecuador
74.9%
Algeria
74%
Andorra
74%
Armenia
73.9%
Eritrea
73.9%
United Arab Emirates
73%
Afghanistan
72.6%
Azerbaijan
71.4%
Angola
69.7%
Israel
69.2%
Ukraine
62.3%
El Salvador
59.7%
Antigua and Barbuda
54.9%
Equatorial Guinea
50.2%
eSwatini
38.7%

You're not logged in!

Compare scores with friends on all Sporcle quizzes.
OR
Log In

Sporcle TV

Today on Sporcle TV


Watch our educational content, quiz creation guides, and fun videos on Sporcle TV.

Show Comments

Extras

Top Quizzes Today


Score Distribution

Your Account Isn't Verified!

In order to create a playlist on Sporcle, you need to verify the email address you used during registration. Go to your Sporcle Settings to finish the process.

Report this User

Report this user for behavior that violates our Community Guidelines.

Details: